banner-ar

BREWER'S CINEMA: A PHRASE AND FABLE DICTIONARY / (Record no. 25243)

MARC details
000 -الفاتح
حقل البيانات ثابتة الطول 00460nam a2200169Ia 4500
008 - عناصر البيانات ثابتة الطول - معلومات عامة
حقل البيانات ثابتة الطول 140319s9999 xx 000 0 eng d
040 ## - مصدر الفهرسة
وكالة الفهرسة الأصلية GCL /
وكالة النسخ GCL
082 04 - رقم تصنيف ديوى العشرى
رقم التصنيف 791.43
رقم المادة M B
100 1# - المدخل الرئيسى - إسم شخصى
الإسم الشخصى MARKET HOUSE BOOKS LTD
245 10 - بيان العنوان
العنوان BREWER'S CINEMA: A PHRASE AND FABLE DICTIONARY /
بيان المسئوليه,etc MARKET HOUSE BOOKS LTD
260 ## - PUBLICATION, DISTRIBUTION, ETC. (IMPRINT)
تاريخ النشر أو التوزيع 1995
300 ## - الوصف المادى
التعداد 617
650 04 - المدخل الاضافى بالموضوع-مصطلح موضوعى
مصطلح موضوعي ACTORS & ACTORESS
650 04 - المدخل الاضافى بالموضوع-مصطلح موضوعى
مصطلح موضوعي DICTIONARIES
942 ## - عناصر المدخل الإضافي( كوها)
مصدر التصنيف او مخطط الترفيف Dewey Decimal Classification
Koha [default] item type كتاب
260 ## - PUBLICATION, DISTRIBUTION, ETC. (IMPRINT)
-- [S.N] :
-- CASSELL ،
Holdings
حالة التراجع حالة الفقد حالة تلف ليس للاعارة المكان المؤقت الموقع الحالى تاريخ الاكتساب اجمالي اﻻعارات رقم الطلب الباركود تاريخ اخر مشاهدة تاريخ تفعيل السعر نوع وعاء كوها
        مكتبة القاهرة الكبرى مكتبة القاهرة الكبرى 03/26/2014   791.43\M B 44530 03/26/2014 03/26/2014 كتاب

Powered By

EGPV